000 nam a22 7a 4500
999 _c47529
_d47529
003 OSt
005 20190513141923.0
008 190513b xxu||||| |||| 00| 0 eng d
040 _cIIMT COLLEGE OF ENGINEERING,GREATER NOIDA
100 _aGEREZ,SABIH,H
245 _aALGORTHEMS FOR VLSI DESIGN AUTOMATION
260 _aNEW DELHI
_bWILEY
_c2013
300 _a326
942 _2ddc
_c02